Giáo trình khẩu ngữ tiếng Hán trình độ sơ cấp, nâng cao

Gardado en:
Detalles Bibliográficos
Formato: Libro
Các nhãn: Engadir etiqueta
Sen Etiquetas, Sexa o primeiro en etiquetar este rexistro!
Thư viện lưu trữ: Mạng thư viện Đại học Đà Nẵng
LEADER 00466nam a22001691a 4500
001 000037030
003 13325
005 20160412014959.0
008 160412s0 000
082 |a 4H(07)728-32 
245 |a Giáo trình khẩu ngữ tiếng Hán trình độ sơ cấp, nâng cao  |c Đới Quế Phù 
OWN |a LNN 
999 |a From the UDN01 
TYP |a Monograph 
980 |a Mạng thư viện Đại học Đà Nẵng